Movie Pictures Starting with U - Statistics

General Stats
  • This quiz has been taken 44 times
  • The average score is 2 of 8
Answer Stats
Picture Answer % Correct
Uncharted
60%
Uncle Buck
50%
Unbreakable
38%
Under Siege
26%
Unfriended
21%
Under the Tuscan Sun
17%
Uptown Girls
14%
Under Heavy Fire
5%
No matching quizzes found
Score Distribution
Percent of People with Each Score
Percentile by Number Answered
Your Score History
You have not taken this quiz